1186 1603 1293 1406 1041 1406 1185 1646 1152 1885 1045 1715 1744 1327 1393 1243 1099 1797 1690 1460 1280 1736 1409 1510 1838 1790 1632 1738 1291 1696 1009 1264 1786 1501 1264 1206 1828 1009 1323 1799 1915 1044 1093 1924 1848 1069 1559 1966 1394 1821 1428 1202 1970 1493 1732 1454 1881 1194 1281 1359 1737 1987 1763 1640 1419 1816 1487 1104 1230 1750 1890 1610 1703 1745 1922 1113 1534 1953 1052 1454 1052 1320 1288 1997 1021 1482 1950 1682 1896 1636 1531 1474 1850 1361 1019 1375 1085 1612 1119 BCNSPRNW ULIB Ver.6.0+V

เปลี่ยนเป็นภาษาไทย

Change to English
 แสดงรายละเอียดบรรณานุกรม
  กลับหน้าหลัก

Brief Record : Get Marc (ISO 2709) : E-mail record : QR code < ปิดหน้าต่าง
LEADER : 00000nam 2200000uu 4500
001    13399121092
003     ULIB
008    110627s1999||||th 000 0 eng d
020    0439064864
090    นว.^bR884H ล.4
100 0  Rowling J.K.
245 00 Harry potter and the Chamber of Secrets/^cRowling J.K.
250    พิมพ์ครั้งที่ 1
260    New York :^bA.A. Levine Books,^c1999
300    341 หน้า
710 1  A.A. Levine Books
945    ^p0^l0^i021841
995    ทศพร
999 ^a ใช้งานได้ทุกระบบ
รายการนี้ยังไม่มีแท็ก
คุณยังไม่ได้ล็อกอิน คุณสามารถมีกิจกรรมร่วมกับเว็บไซต์ได้ แต่ต้องล็อกอินก่อน ::
  ล็อกอิน

รายการสื่อสารสนเทศ

ลำดับที่ ประเภท เลขเรียก/บาร์โค้ด สถานที่ สถานะ
1. วิทยาศาสตร์การแพทย์ และสุขภาพ
วิทยาศาสตร์การแพทย์ และสุขภาพ
นว. R884H ล.4 C.1 
  Barcode: 021841
ห้องสมุดวิทยาเขตสวรรค์ประชารักษ์
►หนังสือทั่วไป
บนชั้น

รายการใกล้เคียง
    ผู้แต่ง [Rowling J.K.]

BibComment


ยังไม่เคยถูกคอมเมนท์

คอมเมนท์ทรัพยากรรายการนี้
  คอมเมนท์: Harry potter and ..


 Copyright 2026. Bcnsprnw @Library